|
|
|
|
| LEADER |
00000nab a2200000 a 4500 |
| 001 |
vtls008698898 |
| 003 |
SK-MaSNL |
| 005 |
20260305033059.0 |
| 008 |
171110 2006 xo w n 000 0 slo |
| 015 |
|
|
|a SLLK2006
|2 sllk
|
| 038 |
|
|
|a SLLK
|
| 040 |
|
|
|a SLLK
|b slo
|c sllk
|e AACR2
|
| 041 |
0 |
|
|a slo
|
| 044 |
|
|
|a xo
|c SK
|
| 080 |
|
|
|a 796.92
|2 1997
|
| 100 |
1 |
|
|a Fabian, Igor
|4 aut
|9 13011
|
| 245 |
1 |
0 |
|a Litmanovské kopce ožili lyžiarmi
|c Igor Fabian
|
| 611 |
1 |
7 |
|a Pohár starostu obce Litmanová
|n (8. :
|d 2006 :
|c Litmanová, Slovensko)
|2 sllk
|9 1613170
|
| 650 |
0 |
7 |
|a šport
|2 snkbucl
|9 1042
|
| 650 |
0 |
7 |
|a lyžovanie
|2 snkbucl
|9 3256
|
| 651 |
|
7 |
|a Litmanová (Slovensko)
|2 snkbucl
|9 55694
|
| 651 |
|
7 |
|a Stará Ľubovňa (Slovensko : okres)
|2 snkbucl
|9 19196
|
| 773 |
0 |
|
|t Ľubovnianske noviny
|g Roč. XXXII, č. 11 (2006), s. 6
|
| 852 |
|
|
|a SLLK
|b KIS3GCP
|
| 999 |
|
|
|c 3322739
|d 3324669
|